|
|
|
|
| LEADER |
01155nam a2200289 i 4500 |
| 001 |
c000001624 |
| 003 |
CARM |
| 005 |
00000000000000.0 |
| 008 |
810123s1978 gw b 00100 ger d |
| 019 |
1 |
|
|a 2595924
|5 LACONCORD2021
|
| 035 |
|
|
|a (OCoLC)220065272
|5 LACONCORD2021
|
| 100 |
1 |
|
|a Heuer, Hans.
|
| 245 |
1 |
0 |
|a Stadtflucht :
|b Instrumente zur Erhaltung der stadtischen Wohnfunktion und zur Steuerung von Stadt-Umland-Wanderungen /
|c Hans Heuer, Rudolf Schafer.
|
| 260 |
|
|
|a Stuttgart :
|b Deutsches Institut fur Urbanistik,
|c c1978.
|
| 300 |
|
|
|a 235 p. :
|b ill. ;
|c 23 cm.
|
| 440 |
|
0 |
|a Schriften des Deutschen Instituts fur Urbanistik ;
|v Bd. 62
|
| 500 |
|
|
|a Includes index.
|
| 504 |
|
|
|a Bibliography: p. 194-231.
|
| 650 |
|
0 |
|a Residential mobility.
|
| 650 |
|
0 |
|a Civic improvement.
|
| 650 |
|
0 |
|a Suburbs.
|
| 700 |
1 |
|
|a Schafer, Rudolf.
|
| 710 |
2 |
0 |
|a Deutsches Institut fur Urbanistik.
|
| 852 |
8 |
|
|b CARM
|h A2:AF13C0
|i B01164
|p 0058893
|f BK
|
| 082 |
0 |
4 |
|a 307.2
|2 19
|
| 999 |
f |
f |
|i 4a3a9561-d0f2-57ce-94c0-4356bb967420
|s ce188208-918e-52ee-8447-840ac9fdd0b9
|
| 952 |
f |
f |
|p Can circulate
|a CAVAL
|b CAVAL
|c CAVAL
|d CARM 1 Store
|e B01164
|f A2:AF13C0
|h Other scheme
|i book
|m 0058893
|